| 000 | 02052cam a22003735a 4500 | ||
|---|---|---|---|
| 001 | 16059647 | ||
| 005 | 20100122140802.0 | ||
| 008 | 100119s2010 wauab |rb i001 0 eng d | ||
| 010 | _a 2010275385 | ||
| 020 | _a9780821379875 | ||
| 020 | _a0821379879 | ||
| 035 | _a(OCoLC)ocn377809005 | ||
| 040 |
_aBTCTA _cBTCTA _dJFL _dOUB _dNLGGC _dDLC |
||
| 042 | _alccopycat | ||
| 043 | _ax------ | ||
| 082 | 0 | 4 |
_a363.7 _222 _bCLI |
| 084 |
_a83.46 _2bcl |
||
| 245 | 0 | 0 |
_aDevelopment and Climate Change/ _cThe World Bank |
| 246 | 3 | 0 | _aDevelopment and climate change |
| 260 |
_aWashington, DC : _bWorld Bank, 2010 _cc2010. |
||
| 300 |
_axxi, 417 p. : _bcol. ill., col. maps ; _c27 cm. |
||
| 490 | _aWorld development report | ||
| 500 | _a" ... a product of the staff of the International Bank for Reconstruction and Development/The World Bank."--Verso of title page. | ||
| 504 | _aIncludes bibliographic references and index. | ||
| 505 | 0 | _aOverview: Changing the climate for development. 1. Understanding the links between climate change and development. -- 2. Reducing human vulnerability: Helping people help themselves. -- 3. Managing land and water to feed nine billion people and protect natural systems. --- 4. Energizing development without compromising the climate. -- 5. Integrating development into the global climate regime. -- 6. Generating the funding needed for mitigation and adaptation. -- 7. Accelerating innovation and technology diffusion. -- 8. Overcoming behavioral; and institutional inertia. | |
| 650 | 0 |
_aEconomic development _xEnvironmental aspects. _912490 |
|
| 650 | 0 |
_aClimatic changes _xEconomic aspects. _912491 |
|
| 650 | 0 |
_aClimatic changes _xEnvironmental aspects. _912492 |
|
| 650 | 0 |
_aEconomic geography. _912493 |
|
| 710 | 2 |
_aWorld Bank. _912494 |
|
| 942 |
_2ddc _cBB |
||
| 999 |
_c13636 _d13636 |
||